Journal of Oral & Maxillofacial Surgery (Record no. 30416)

MARC details
000 -LEADER
fixed length control field 00224nam a22000977a 4500
003 - CONTROL NUMBER IDENTIFIER
control field SGT
245 ## - TITLE STATEMENT
Title Journal of Oral & Maxillofacial Surgery
260 ## - PUBLICATION, DISTRIBUTION, ETC. (IMPRINT)
Name of publisher, distributor, etc Elsevier Publisher
Year of Publication 2022
300 ## - PAGE DESCRIPTION
No. of Pages 785,1454,2030
942 ## - ADDED ENTRY ELEMENTS (KOHA)
Source of classification or shelving scheme Dewey Decimal Classification
Koha item type Back Volumes
Holdings
Withdrawn status Lost status Source of classification or shelving scheme Damaged status Use restrictions Not for loan Home library Current library Date acquired Volume Information (Serial or Books or Non-Book Material) SGTU Accession No. (Barcode) Date last seen Bill Date Koha item type
    Dewey Decimal Classification   Restricted Access Not For Loan SGT Dental Library SGT Dental Library 24/03/2025 Vol.80 (1-4) SGTU PD1358 24/03/2025 24/03/2025 Back Volumes
    Dewey Decimal Classification   Restricted Access Not For Loan SGT Dental Library SGT Dental Library 24/03/2025 Vol.80 (5-8 SGTU PD1359 24/03/2025 24/03/2025 Back Volumes
    Dewey Decimal Classification   Restricted Access Not For Loan SGT Dental Library SGT Dental Library 24/03/2025 Vol.80 (9-12) SGTU PD1360 24/03/2025 24/03/2025 Back Volumes